[Event "Maharashtra Chess League"]
[Site "Pune"]
[Date "2014.06.12"]
[Round "2"]
[White "Lalith Babu, M R."]
[Black "Karavade, Eesha"]
[Result "1/2-1/2"]
[WhiteElo "2580"]
[BlackElo "2437"]
[PlyCount "153"]
[EventDate "2014.06.11"]
[EventType "team"]
[EventCountry "IND"]

1. Nf3 Nf6 2. d4 e6 3. c4 d5 4. Nc3 Bb4 5. Bg5 h6 6. Bxf6 Qxf6 7. Qa4+ Nc6 8.
e3 Bd7 9. Be2 O-O 10. Qc2 dxc4 11. O-O Na5 12. Ne4 Qe7 13. Ne5 Bd6 14. Nxd7
Qxd7 15. Bxc4 Nxc4 16. Qxc4 c6 17. Rfd1 Rfd8 18. Rac1 Rac8 19. h3 Be7 20. Qa4
Qc7 21. Nd2 a6 22. Nf3 Qb8 23. Qb3 c5 24. dxc5 Rxd1+ 25. Qxd1 Bxc5 26. Qc2 Rc6
27. Qe4 Qd6 28. Ne5 Rc7 29. Nc4 Qd8 30. Qg4 Be7 31. Rd1 Rd7 32. Rxd7 Qxd7 33.
Qe4 Bf6 34. b3 Qc7 35. Qd3 Be7 36. a4 Bb4 37. Qe4 b5 38. axb5 axb5 39. Ne5 Qc1+
40. Kh2 Bd6 41. Qa8+ Kh7 42. Qe4+ Kg8 43. f4 Bxe5 44. Qxe5 Qc6 45. Qd4 Qc2 46.
b4 Qc4 47. Qd8+ Kh7 48. Qe7 Kg6 49. h4 Qd5 50. Kh3 Qf5+ 51. Kg3 Qd5 52. Kh2 Qh5
53. Qd8 Qf5 54. Qd4 Kh7 55. Kg3 Qb1 56. Kf2 Qc2+ 57. Kf3 f5 58. e4 Qb3+ 59. Kf2
Qc2+ 60. Kf3 Qb3+ 61. Ke2 Qc2+ 62. Ke3 Qb3+ 63. Kd2 Qg3 64. exf5 Qxg2+ 65. Kc1
Qf1+ 66. Kd2 exf5 67. Qe5 g6 68. Qe7+ Kg8 69. Qe6+ Kg7 70. Qe5+ Kf7 71. h5 Qf2+
72. Kd3 Qf3+ 73. Kd2 Qf2+ 74. Kd3 Qf3+ 75. Kd2 Qf2+ 76. Kd3 Qf3+ 77. Kd2
1/2-1/2

[Event "Maharashtra Chess League"]
[Site "Pune"]
[Date "2014.06.12"]
[Round "2"]
[White "Narayanan, Sunilduth Lyna"]
[Black "Hagawane, Aakanksha"]
[Result "1-0"]
[WhiteElo "2413"]
[BlackElo "1802"]
[PlyCount "105"]
[EventDate "2014.06.11"]
[EventType "team"]
[EventCountry "IND"]

1. e4 e5 2. Nf3 Nc6 3. Bb5 a6 4. Ba4 Nf6 5. O-O b5 6. Bb3 Be7 7. Re1 d6 8. c3
O-O 9. h3 Na5 10. Bc2 c5 11. d4 c4 12. d5 Nb7 13. b3 cxb3 14. axb3 Qc7 15. Re3
Ne8 16. Nbd2 Nc5 17. b4 Nd7 18. Nb3 Nb6 19. Na5 Bd7 20. Bd2 Kh8 21. Bb3 f5 22.
exf5 Rxf5 23. Rc1 Nc4 24. Nxc4 bxc4 25. Bc2 Rf8 26. Ra1 Nf6 27. Ra5 Qc8 28. Ng5
h6 29. Ne4 Nxe4 30. Bxe4 Bd8 31. Ra2 Bb6 32. Rf3 Bf5 33. Qe2 Bxe4 34. Qxe4 Rxf3
35. Qxf3 a5 36. bxa5 Rxa5 37. Rxa5 Bxa5 38. g4 Bb6 39. Kg2 Bd8 40. Qf8+ Kh7 41.
Qxd6 Qc7 42. Qxc7 Bxc7 43. Kf3 Kg6 44. Ke4 Bd6 45. f4 exf4 46. Bxf4 Bc5 47. d6
Kf6 48. Kd5 Bb6 49. Kxc4 g5 50. Bg3 Ke6 51. Kb5 Bd8 52. c4 Bf6 53. c5 1-0

[Event "Maharashtra Chess League"]
[Site "Pune"]
[Date "2014.06.12"]
[Round "2"]
[White "Patil, Pratik"]
[Black "Ghate, Swathi"]
[Result "1-0"]
[WhiteElo "2203"]
[BlackElo "2265"]
[PlyCount "89"]
[EventDate "2014.06.11"]
[EventType "team"]
[EventCountry "IND"]

1. e4 c5 2. c3 d5 3. exd5 Qxd5 4. d4 Nf6 5. Nf3 e6 6. Bd3 cxd4 7. cxd4 Nc6 8.
Nc3 Qd6 9. Be3 Be7 10. a3 O-O 11. O-O b6 12. Qe2 Bb7 13. Rad1 Rad8 14. Rfe1
Rfe8 15. Bb1 Qb8 16. Ba2 Nd5 17. Bc1 Bf8 18. Nxd5 exd5 19. Qd3 Rxe1+ 20. Rxe1
g6 21. h4 Ne7 22. Bg5 Re8 23. Ne5 Nf5 24. g4 Nd6 25. Qf3 Qa8 26. Rc1 Rc8 27.
Rxc8 Qxc8 28. Bxd5 Bxd5 29. Qxd5 Qc2 30. Nd7 Qc8 31. Nxf8 Qxf8 32. Bf4 Nc8 33.
Qd7 a5 34. d5 h5 35. gxh5 gxh5 36. Qf5 Qg7+ 37. Kh2 Ne7 38. Qxh5 Qxb2 39. Qg5+
Ng6 40. Bg3 Kh7 41. h5 Nf8 42. Qf5+ Kg8 43. Be5 Qe2 44. Qg5+ Ng6 45. Bg3 1-0

[Event "Maharashtra Chess League"]
[Site "Pune"]
[Date "2014.06.12"]
[Round "2"]
[White "Prasanna Rao, S."]
[Black "Vignesh, Nr"]
[Result "1-0"]
[WhiteElo "2427"]
[BlackElo "2085"]
[PlyCount "63"]
[EventDate "2014.06.11"]
[EventType "team"]
[EventCountry "IND"]

1. d4 Nf6 2. c4 e6 3. g3 Bb4+ 4. Bd2 Be7 5. Bg2 O-O 6. Nf3 d5 7. O-O c6 8. Qc2
Nbd7 9. Rd1 b6 10. Bf4 Ba6 11. b3 Rc8 12. Nc3 Nh5 13. Bd2 f5 14. Rac1 Ba3 15.
Rb1 Bd6 16. Na4 Qe7 17. Nb2 c5 18. Bg5 Nhf6 19. cxd5 cxd4 20. Qd2 e5 21. Nh4 g6
22. Nd3 Qf7 23. Bh6 Ne4 24. Qe1 Rfe8 25. Rbc1 Nc3 26. Rd2 Nxe2+ 27. Rxe2 Bxd3
28. Rxc8 Rxc8 29. Rd2 Bb4 30. Nf3 Bxd2 31. Qxd2 Be4 32. Qg5 1-0

[Event "Maharashtra Chess League"]
[Site "Pune"]
[Date "2014.06.12"]
[Round "2"]
[White "Rout, Padmini"]
[Black "Kulkarni, Vikramaditya"]
[Result "0-1"]
[WhiteElo "2367"]
[BlackElo "2403"]
[PlyCount "154"]
[EventDate "2014.06.11"]
[EventType "team"]
[EventCountry "IND"]

1. e4 e6 2. d4 d5 3. Nc3 Nf6 4. e5 Nfd7 5. f4 c5 6. Nf3 a6 7. Be3 Qb6 8. a3 Qa7
9. dxc5 Bxc5 10. Bxc5 Nxc5 11. Qd2 b5 12. Nd4 O-O 13. g4 Qc7 14. Bg2 Nbd7 15.
O-O Nb6 16. b3 Bb7 17. Rae1 Rac8 18. Re3 Qe7 19. Qf2 Ne4 20. Nxe4 dxe4 21. Bxe4
Bxe4 22. Rxe4 Nd5 23. f5 Qxa3 24. f6 gxf6 25. exf6 Kh8 26. g5 Rg8 27. h4 Qd6
28. Nf3 Nxf6 29. Ne5 Nxe4 30. Nxf7+ Kg7 31. Nxd6 Nxf2 32. Nxc8 Nh3+ 33. Kh2
Nxg5 34. Nd6 Rd8 35. Nxb5 axb5 36. hxg5 Rd2+ 37. Kg3 Rxc2 38. Kg4 Rc3 39. Re1
Kf7 40. Rf1+ Kg7 41. Re1 Rc6 42. Re5 Rb6 43. Kh5 b4 44. Rc5 Rb7 45. Re5 Kf7 46.
Kh6 Ke7 47. Re1 Kd6 48. Rd1+ Ke5 49. Rd8 Kf5 50. Rf8+ Kg4 51. Re8 Rb6 52. Re7
e5+ 53. Kxh7 Kxg5 54. Rxe5+ Kf4 55. Rc5 Re6 56. Kg7 Ke3 57. Kf7 Re4 58. Kf6 Kd4
59. Rc4+ Kd5 60. Rc1 Rf4+ 61. Kg5 Rf3 62. Rb1 Kd4 63. Kg4 Rd3 64. Kf4 Kc3 65.
Ke4 Rd4+ 66. Ke3 Rd8 67. Ke2 Kc2 68. Rh1 Re8+ 69. Kf3 Kxb3 70. Rb1+ Kc3 71.
Rc1+ Kb2 72. Rc7 b3 73. Kf2 Ka1 74. Ra7+ Kb1 75. Rb7 b2 76. Kf3 Rc8 77. Ke2 Kc2
0-1

[Event "Maharashtra Chess League"]
[Site "Pune"]
[Date "2014.06.12"]
[Round "2"]
[White "Sachdev, Tania"]
[Black "Bakre, Tejas"]
[Result "0-1"]
[WhiteElo "2368"]
[BlackElo "2507"]
[PlyCount "70"]
[EventDate "2014.06.11"]
[EventType "team"]
[EventCountry "IND"]

1. d4 Nf6 2. c4 e6 3. Nf3 d5 4. Nc3 Nbd7 5. Qc2 Bb4 6. Bg5 c5 7. cxd5 exd5 8.
a3 Bxc3+ 9. Qxc3 O-O 10. Nd2 h6 11. Bf4 Nb6 12. a4 Bg4 13. e3 c4 14. a5 Nbd7
15. f3 Bf5 16. Be2 Re8 17. g4 Bh7 18. O-O Qe7 19. h4 b5 20. axb6 axb6 21. b3 b5
22. bxc4 dxc4 23. Rxa8 Rxa8 24. Ra1 Rc8 25. e4 Nd5 26. exd5 Qxe2 27. d6 Bd3 28.
Bg3 Qe3+ 29. Bf2 Qe6 30. Ra5 Qd5 31. Kg2 Nf6 32. Kg1 Qxd6 33. Rxb5 Nd5 34. Qa5
c3 35. Rxd5 Qxd5 0-1

[Event "Maharashtra Chess League"]
[Site "Pune"]
[Date "2014.06.12"]
[Round "2"]
[White "Srinath, Narayanan"]
[Black "Kathmale, Sameer"]
[Result "1-0"]
[WhiteElo "2484"]
[BlackElo "2236"]
[PlyCount "57"]
[EventDate "2014.06.11"]
[EventType "team"]
[EventCountry "IND"]

1. e4 c6 2. d4 d5 3. e5 Bf5 4. Nf3 e6 5. Be2 Bg6 6. O-O Nd7 7. a4 Nh6 8. a5 Be7
9. Nbd2 O-O 10. Nb3 Rc8 11. a6 b6 12. c4 Nf5 13. h3 Qc7 14. Bf4 Rfd8 15. Rc1
dxc4 16. Bxc4 Nc5 17. g4 Nh6 18. Qe2 Ne4 19. g5 Nf5 20. Bd3 Nxg5 21. Bxg5 Bxg5
22. Nxg5 Nxd4 23. Nxd4 Rxd4 24. Bxg6 hxg6 25. Rfd1 Qd8 26. Nf3 Rd5 27. Rxd5
cxd5 28. Rxc8 Qxc8 29. Qb5 1-0

[Event "Maharashtra Chess League"]
[Site "Pune"]
[Date "2014.06.12"]
[Round "2"]
[White "Swaminathan, Soumya"]
[Black "Sharma, Himanshu"]
[Result "1-0"]
[WhiteElo "2298"]
[BlackElo "2427"]
[PlyCount "102"]
[EventDate "2014.06.11"]
[EventType "team"]
[EventCountry "IND"]

1. e4 c5 2. Nc3 e6 3. Be2 Be7 4. Nf3 Nc6 5. O-O Qc7 6. d4 cxd4 7. Nxd4 Nf6 8.
Be3 d6 9. f4 O-O 10. Qe1 Nd7 11. Qg3 a6 12. Rad1 Bf6 13. Kh1 Rd8 14. e5 dxe5
15. Nxc6 bxc6 16. Ne4 Be7 17. fxe5 Nxe5 18. Bh6 g6 19. Rxd8+ Bxd8 20. Nf6+ Bxf6
21. Rxf6 Qa5 22. Qg5 Qc7 23. Rf1 f5 24. Qf6 Bb7 25. Bf4 Qg7 26. Qxg7+ Kxg7 27.
Bxe5+ Kf7 28. Rd1 Ke7 29. Bc4 Bc8 30. Bd6+ Ke8 31. Bc5 Bd7 32. Rd6 h5 33. Bxe6
Bxe6 34. Rxe6+ Kf7 35. Rxc6 Re8 36. Kg1 g5 37. Kf2 Re4 38. c3 Rf4+ 39. Ke2 Re4+
40. Kd3 Rg4 41. g3 h4 42. Bd6 h3 43. Bb8 Re4 44. Rxa6 Re1 45. Rh6 g4 46. a4 Ra1
47. Be5 Rxa4 48. Rf6+ Kg8 49. Rxf5 Kh7 50. Rg5 Kh6 51. Bf4 Ra1 1-0

[Event "Maharashtra Chess League"]
[Site "Pune"]
[Date "2014.06.12"]
[Round "2"]
[White "Udeshi, Aditya"]
[Black "Mohanty, Kiran Manisha"]
[Result "1-0"]
[WhiteElo "2420"]
[BlackElo "2195"]
[PlyCount "67"]
[EventDate "2014.06.11"]
[EventType "team"]
[EventCountry "IND"]

1. e4 c5 2. Nc3 d6 3. Bb5+ Bd7 4. a4 a6 5. Bxd7+ Qxd7 6. Nge2 Nc6 7. O-O e6 8.
d4 cxd4 9. Nxd4 Nf6 10. Be3 Be7 11. Qe2 O-O 12. Rfd1 Rac8 13. f4 Qc7 14. Nxc6
Qxc6 15. Bd4 Rfe8 16. Kh1 Qc4 17. Qf3 b5 18. axb5 axb5 19. e5 dxe5 20. fxe5 Nd7
21. Ra7 Nb8 22. b3 Qc6 23. Ne4 Rcd8 24. Rf1 Kh8 25. c3 b4 26. Qg4 bxc3 27. Rxf7
Rg8 28. Nxc3 Rxd4 29. Qxd4 Bc5 30. Rxg7 Bxa7 31. Rxg8+ Kxg8 32. Qxa7 Qxc3 33.
Qxb8+ Kg7 34. Qa7+ 1-0

[Event "Maharashtra Chess League"]
[Site "Pune"]
[Date "2014.06.12"]
[Round "2"]
[White "Vishnu Prasanna, V."]
[Black "Pujari, Rucha"]
[Result "1-0"]
[WhiteElo "2479"]
[BlackElo "2131"]
[PlyCount "75"]
[EventDate "2014.06.11"]
[EventType "team"]
[EventCountry "IND"]

1. e4 e5 2. Nf3 Nc6 3. d4 exd4 4. Nxd4 Qf6 5. Nb3 Qg6 6. f3 Bd6 7. Nc3 Nge7 8.
g4 Be5 9. Be3 Bxc3+ 10. bxc3 d6 11. Nd4 a6 12. Qd2 Ne5 13. Be2 Bd7 14. O-O-O
Bb5 15. Nf5 f6 16. f4 Nc4 17. Bxc4 Bxc4 18. Qd4 Nxf5 19. gxf5 Qf7 20. e5 d5 21.
Rhg1 b6 22. Rg2 O-O-O 23. Rdg1 c5 24. Qd1 Rhg8 25. Qf3 Kb8 26. Bf2 d4 27. Qc6
dxc3 28. Qxb6+ Ka8 29. Qc6+ Kb8 30. Bxc5 fxe5 31. fxe5 Bb5 32. Qb6+ Ka8 33. e6
Qb7 34. Qxb7+ Kxb7 35. f6 Kc6 36. Bb4 a5 37. Bxc3 Bc4 38. f7 1-0

[Event "Maharashtra Chess League"]
[Site "Pune"]
[Date "2014.06.12"]
[Round "3"]
[White "Adhiban, B."]
[Black "Kulkarni, Rakesh"]
[Result "1-0"]
[WhiteElo "2575"]
[BlackElo "2274"]
[PlyCount "89"]
[EventDate "2014.06.11"]
[EventType "team"]
[EventCountry "IND"]

1. Nf3 Nf6 2. c4 e6 3. g3 d5 4. Bg2 Be7 5. O-O O-O 6. d4 dxc4 7. Qc2 a6 8. a4
Nc6 9. Qxc4 Bd7 10. Ne5 Nxe5 11. dxe5 Nd5 12. Nc3 c6 13. Rd1 b5 14. Qg4 Qc7 15.
Bf4 Nxc3 16. bxc3 Rfd8 17. Bh6 g6 18. Bg5 Be8 19. h4 Rxd1+ 20. Rxd1 Rd8 21. Ra1
h5 22. Qf4 Bxg5 23. Qxg5 c5 24. axb5 axb5 25. g4 hxg4 26. h5 Rb8 27. Rd1 Kf8
28. hxg6 fxg6 29. Rd6 Qe7 30. Qxg4 Bf7 31. Bc6 Rd8 32. Qf4 g5 33. Qh2 Kg7 34.
Qg3 b4 35. cxb4 cxb4 36. Ba4 Bg6 37. Bb3 Bf7 38. Ba4 Bg6 39. Bb3 Bf7 40. Qd3
Rc8 41. Rd7 Rc1+ 42. Kg2 Qc5 43. Bxe6 Qc6+ 44. Qd5 Qxd5+ 45. Bxd5 1-0

[Event "Maharashtra Chess League"]
[Site "Pune"]
[Date "2014.06.12"]
[Round "3"]
[White "Gagare, Shardul"]
[Black "Ghosh, Diptayan"]
[Result "1/2-1/2"]
[WhiteElo "2358"]
[BlackElo "2461"]
[PlyCount "59"]
[EventDate "2014.06.11"]
[EventType "team"]
[EventCountry "IND"]

1. c4 e5 2. g3 Nf6 3. Bg2 h6 4. a3 c6 5. d4 exd4 6. Qxd4 d5 7. Nf3 Be7 8. O-O
O-O 9. cxd5 Nxd5 10. Rd1 Na6 11. e4 Nb6 12. Qxd8 Rxd8 13. Rxd8+ Bxd8 14. Be3
Be6 15. Nbd2 Bf6 16. e5 Be7 17. b4 Nd5 18. Bd4 Nac7 19. Bc5 a5 20. Rc1 axb4 21.
axb4 Kf8 22. Ne4 Nxb4 23. Bxe7+ Kxe7 24. Nc5 b6 25. Nxe6 Nxe6 26. Rb1 Ra6 27.
Nd2 c5 28. Nc4 b5 29. Nd6 Nd4 30. Ne4 1/2-1/2

[Event "Maharashtra Chess League"]
[Site "Pune"]
[Date "2014.06.12"]
[Round "3"]
[White "Gomes, Mary Ann"]
[Black "Dharia, Parnali"]
[Result "1-0"]
[WhiteElo "2367"]
[BlackElo "1874"]
[PlyCount "67"]
[EventDate "2014.06.11"]
[EventType "team"]
[EventCountry "IND"]

1. Nf3 d5 2. g3 c5 3. Bg2 Nf6 4. d3 e6 5. Nbd2 Be7 6. e4 Nc6 7. O-O O-O 8. Re1
b5 9. e5 Nd7 10. Nf1 a5 11. h4 a4 12. Bf4 b4 13. N1h2 Ba6 14. Ng5 Qe8 15. Qg4
Nd4 16. Rac1 b3 17. axb3 axb3 18. c3 Nc2 19. Red1 Bb5 20. c4 Bc6 21. Nxe6 fxe6
22. Qxe6+ Kh8 23. Qxc6 Nd4 24. Qxd5 Ne2+ 25. Kh1 Nb6 26. Qe6 Nxc1 27. Rxc1 Rb8
28. h5 Qd8 29. Ng4 Bg5 30. h6 g6 31. Be3 Bxe3 32. fxe3 Qxd3 33. Qe7 Rg8 34.
Qf6+ 1-0

[Event "Maharashtra Chess League"]
[Site "Pune"]
[Date "2014.06.12"]
[Round "3"]
[White "Gujrathi, Vidit"]
[Black "Kulkarni, Bhakti"]
[Result "1-0"]
[WhiteElo "2549"]
[BlackElo "2278"]
[PlyCount "111"]
[EventDate "2014.06.11"]
[EventType "team"]
[EventCountry "IND"]

1. d4 d6 2. Nf3 Bg4 3. g3 Bxf3 4. exf3 c6 5. Bg2 g6 6. O-O Bg7 7. f4 Nf6 8. Nd2
O-O 9. Re1 Nbd7 10. Nf3 Re8 11. c3 Qb6 12. Qc2 e6 13. Be3 Nd5 14. Bd2 Rac8 15.
h4 c5 16. dxc5 Nxc5 17. h5 Qa6 18. hxg6 hxg6 19. Bf1 Qb6 20. Ng5 a6 21. Rad1
Qc7 22. c4 Nf6 23. Bc3 Red8 24. Bh3 a5 25. Bd4 Ne8 26. Nxf7 Kxf7 27. Bxc5 dxc5
28. Bxe6+ Kf8 29. Bxc8 Rxd1 30. Rxd1 Qxc8 31. Qxg6 Bxb2 32. Rd5 Nf6 33. Rg5 Qe6
34. Qh6+ Ke7 35. Qg7+ Ke8 36. Qxb7 Bd4 37. Qa8+ Kf7 38. Qb7+ Ke8 39. Kg2 Qxc4
40. Qc8+ Kf7 41. Qc7+ Ke8 42. Qc8+ Kf7 43. Qh8 Qa6 44. Rg7+ Ke6 45. f5+ Kd5 46.
Qd8+ Kc4 47. Rc7 Nd5 48. Qg8 Qd6 49. Rc8 Qe5 50. Qe6 Kb4 51. Rd8 Nf4+ 52. gxf4
Qg7+ 53. Kf3 a4 54. Rb8+ Ka3 55. Rb3+ Kxa2 56. Rb7+ 1-0

[Event "Maharashtra Chess League"]
[Site "Pune"]
[Date "2014.06.12"]
[Round "3"]
[White "Gupta, Abhijeet"]
[Black "Ghate, Swathi"]
[Result "1-0"]
[WhiteElo "2636"]
[BlackElo "2265"]
[PlyCount "77"]
[EventDate "2014.06.11"]
[EventType "team"]
[EventCountry "IND"]

1. d4 Nf6 2. c4 e6 3. Nf3 b6 4. g3 Bb4+ 5. Bd2 Bxd2+ 6. Qxd2 Ba6 7. b3 c6 8.
Bg2 d5 9. Ne5 O-O 10. O-O Nfd7 11. Nd3 dxc4 12. Nb4 Bb7 13. bxc4 a5 14. Nd3 Na6
15. Nc3 Rb8 16. Rab1 c5 17. d5 Nc7 18. Rfd1 exd5 19. cxd5 Ne8 20. Qf4 Ba6 21.
e4 c4 22. Ne5 Nxe5 23. Qxe5 Nd6 24. Qd4 f6 25. a4 Qc7 26. f4 b5 27. axb5 Nxb5
28. d6 Qd7 29. Qxc4+ Kh8 30. Nxb5 Rxb5 31. Qc7 Rxb1 32. Rxb1 Qa4 33. h4 h6 34.
d7 Qd4+ 35. Kh2 Kh7 36. Qxa5 Bd3 37. Qf5+ Kh8 38. Rc1 Ba6 39. Rc8 1-0

[Event "Maharashtra Chess League"]
[Site "Pune"]
[Date "2014.06.12"]
[Round "3"]
[White "Joshi, Supriya"]
[Black "Rout, Padmini"]
[Result "0-1"]
[WhiteElo "1814"]
[BlackElo "2367"]
[PlyCount "52"]
[EventDate "2014.06.11"]
[EventType "team"]
[EventCountry "IND"]

1. e4 c5 2. Nf3 d6 3. d4 cxd4 4. Nxd4 Nf6 5. Nc3 a6 6. h3 e6 7. g4 Nfd7 8. Be3
Be7 9. Bg2 Nc6 10. Qe2 O-O 11. O-O-O Nxd4 12. Bxd4 b5 13. f4 Bb7 14. a3 Rc8 15.
g5 Qa5 16. h4 Rc4 17. h5 Rfc8 18. g6 e5 19. gxf7+ Kf8 20. Be3 Rxc3 21. bxc3
Qxa3+ 22. Kb1 Rc4 23. Bc1 Qxc3 24. Qxc4 Qxc4 25. Rhe1 Nc5 26. fxe5 dxe5 0-1

[Event "Maharashtra Chess League"]
[Site "Pune"]
[Date "2014.06.12"]
[Round "3"]
[White "Karavade, Eesha"]
[Black "Srinath, Narayanan"]
[Result "0-1"]
[WhiteElo "2437"]
[BlackElo "2484"]
[PlyCount "112"]
[EventDate "2014.06.11"]
[EventType "team"]
[EventCountry "IND"]

1. d4 Nf6 2. c4 e6 3. Nc3 Bb4 4. e3 b6 5. Bd3 Bb7 6. Nf3 Ne4 7. O-O f5 8. Ne5
O-O 9. Ne2 Bd6 10. f3 Nc5 11. Bc2 Bxe5 12. dxe5 Nc6 13. b3 Nxe5 14. Bb2 Qg5 15.
Nf4 d6 16. b4 Ncd7 17. Nxe6 Qxe3+ 18. Kh1 Nxf3 19. Nxc7 Nh4 20. Nd5 Qg5 21. Rf2
Rae8 22. Bc1 Qg4 23. Bf4 Ne5 24. Bxe5 Qxd1+ 25. Rxd1 Rxe5 26. g3 Ng6 27. Kg1
Bxd5 28. Rxd5 Rxd5 29. cxd5 Ne7 30. Re2 Kf7 31. Re6 Rd8 32. Bb3 Ng8 33. Re2 Nf6
34. Rc2 Rd7 35. Kf2 Ng4+ 36. Kf3 Kf6 37. h3 Ne5+ 38. Kg2 Nd3 39. Rc4 Re7 40.
Rc6 Ke5 41. a3 b5 42. Rc8 Kd4 43. Rc6 Re2+ 44. Kf1 Rf2+ 45. Kg1 Rb2 46. Bc2 Ne5
47. Rc7 Ke3 48. Kf1 g6 49. Ke1 Nc4 50. Kd1 Kd4 51. Kc1 Kc3 52. Bd1 Ra2 53. Kb1
Rxa3 54. Be2 Kxb4 55. Bxc4 bxc4 56. Rxh7 Rxg3 0-1

[Event "Maharashtra Chess League"]
[Site "Pune"]
[Date "2014.06.12"]
[Round "3"]
[White "Kathmale, Sameer"]
[Black "Prasanna Rao, S."]
[Result "1/2-1/2"]
[WhiteElo "2236"]
[BlackElo "2427"]
[PlyCount "74"]
[EventDate "2014.06.11"]
[EventType "team"]
[EventCountry "IND"]

1. e4 e5 2. Nf3 Nc6 3. Bb5 a6 4. Ba4 Nf6 5. O-O b5 6. Bb3 Bc5 7. c3 d6 8. d4
Bb6 9. h3 O-O 10. Be3 Bb7 11. d5 Ne7 12. Bxb6 cxb6 13. Nbd2 Ng6 14. g3 Bc8 15.
Kh2 Qe7 16. Qe2 Nh5 17. Ng1 Qg5 18. Qe3 Qe7 19. Qe2 Qg5 20. Qe3 Qd8 21. Qe2 Nf6
22. Rae1 Ne8 23. f4 f5 24. exf5 Bxf5 25. fxe5 Nxe5 26. Ne4 Bxe4 27. Rxf8+ Kxf8
28. Qxe4 Nf6 29. Rf1 Kg8 30. Qd4 Ra7 31. Bc2 Rf7 32. Bf5 Kh8 33. Rf2 Rf8 34.
Kg2 Qc7 35. Nf3 Nxf3 36. Rxf3 a5 37. Be6 Qc5 1/2-1/2

[Event "Maharashtra Chess League"]
[Site "Pune"]
[Date "2014.06.12"]
[Round "3"]
[White "Kunte, Abhijit"]
[Black "Thejkumar, M  S."]
[Result "1/2-1/2"]
[WhiteElo "2482"]
[BlackElo "2446"]
[PlyCount "72"]
[EventDate "2014.06.11"]
[EventType "team"]
[EventCountry "IND"]

1. Nf3 d5 2. c4 e6 3. g3 Nf6 4. Bg2 Be7 5. d4 O-O 6. O-O dxc4 7. Qc2 a6 8. a4
Bd7 9. Rd1 Bc6 10. Bg5 Nbd7 11. Nbd2 h6 12. Bxf6 Nxf6 13. Qxc4 Ne4 14. Rac1
Nxd2 15. Nxd2 Bxg2 16. Kxg2 Rc8 17. Ne4 Qd7 18. Qb3 Rb8 19. Nc5 Bxc5 20. Rxc5
Rfd8 21. Qc2 c6 22. e3 Qe7 23. b4 Rd5 24. Rc1 Rbd8 25. Qe4 Rxc5 26. bxc5 Rd5
27. Qf4 e5 28. Qe4 f5 29. Qf3 exd4 30. exd4 Rxd4 31. Qxf5 Rxa4 32. Rb1 Rc4 33.
Qc8+ Kh7 34. Qf5+ Kg8 35. Qc8+ Kh7 36. Qf5+ Kg8 1/2-1/2

[Event "Maharashtra Chess League"]
[Site "Pune"]
[Date "2014.06.12"]
[Round "3"]
[White "Lalith Babu, M R."]
[Black "Hagawane, Aakanksha"]
[Result "1-0"]
[WhiteElo "2580"]
[BlackElo "1802"]
[PlyCount "75"]
[EventDate "2014.06.11"]
[EventType "team"]
[EventCountry "IND"]

1. d4 Nf6 2. c4 Nc6 3. Nc3 e6 4. g3 Bb4 5. Bd2 Qe7 6. Nf3 a5 7. Bg2 d6 8. O-O
O-O 9. Qc2 Bxc3 10. Bxc3 e5 11. d5 Nb8 12. a3 a4 13. e4 Nbd7 14. Nd2 Nc5 15.
Rae1 b5 16. Bb4 Na6 17. Ra1 Nxb4 18. axb4 Ba6 19. Rfc1 Ra7 20. Bf1 bxc4 21.
Rxa4 c5 22. Rca1 Rfa8 23. bxc5 dxc5 24. Ra5 c3 25. Qxc3 Bxf1 26. Rxa7 Rxa7 27.
Rxa7 Qxa7 28. Kxf1 Nd7 29. Kg2 h6 30. Nc4 f6 31. Qb3 Kh7 32. Qb5 Kg6 33. Qc6
Kh7 34. d6 Kg6 35. Ne3 Nf8 36. Nd5 Nd7 37. Qc7 Qa4 38. Nc3 1-0

[Event "Maharashtra Chess League"]
[Site "Pune"]
[Date "2014.06.12"]
[Round "3"]
[White "Narayanan, Sunilduth Lyna"]
[Black "Vishnu Prasanna, V."]
[Result "1-0"]
[WhiteElo "2413"]
[BlackElo "2479"]
[PlyCount "93"]
[EventDate "2014.06.11"]
[EventType "team"]
[EventCountry "IND"]

1. e4 c5 2. Nf3 e6 3. d4 cxd4 4. Nxd4 Nc6 5. Nc3 Qc7 6. g3 a6 7. Bg2 Be7 8. O-O
Nf6 9. Re1 d6 10. Nxc6 bxc6 11. e5 dxe5 12. Rxe5 O-O 13. Bf4 Qb7 14. b3 Rd8 15.
Qf3 Bd7 16. Ree1 Be8 17. Be5 Rac8 18. Ne4 Nxe4 19. Qxe4 a5 20. a4 Qb4 21. Qxb4
Bxb4 22. Red1 f6 23. Rxd8 Rxd8 24. c3 Bc5 25. Bc7 Rd2 26. Bxa5 Bxf2+ 27. Kh1 e5
28. b4 Rc2 29. b5 cxb5 30. Bd5+ Bf7 31. Bxf7+ Kxf7 32. axb5 e4 33. Rb1 e3 34.
Kg2 h5 35. b6 h4 36. Kf3 hxg3 37. hxg3 Ra2 38. b7 Rxa5 39. b8=Q Rf5+ 40. Ke2
Rg5 41. Rb7+ Kg6 42. Qe8+ Kh7 43. Qe4+ Kh6 44. g4 Re5 45. Qf4+ Kg6 46. Qc4 Kh6
47. Qg8 1-0

[Event "Maharashtra Chess League"]
[Site "Pune"]
[Date "2014.06.12"]
[Round "3"]
[White "Patil, Pratik"]
[Black "Kulkarni, Chinmay"]
[Result "1-0"]
[WhiteElo "2203"]
[BlackElo "2257"]
[PlyCount "64"]
[EventDate "2014.06.11"]
[EventType "team"]
[EventCountry "IND"]

1. e4 c6 2. Nf3 d5 3. exd5 cxd5 4. Ne5 Nd7 5. d4 Ngf6 6. c3 g6 7. Bd3 Bg7 8. f4
O-O 9. Nd2 Ne8 10. O-O Nd6 11. Qe2 Nf6 12. b3 Bf5 13. Bxf5 Nxf5 14. Bb2 Rc8 15.
Ndf3 Ne4 16. c4 e6 17. c5 Qa5 18. g4 Ne7 19. Ng5 Nxg5 20. fxg5 Qc7 21. Rae1 Nc6
22. Nxc6 Qxc6 23. b4 a6 24. Rf3 Qa4 25. a3 a5 26. Bc3 axb4 27. axb4 Ra8 28. Qf2
Qb3 29. Rh3 Ra3 30. Qh4 Bxd4+ 31. Kh1 Qxc3 32. Rxc3 Bxc3 1-0

[Event "Maharashtra Chess League"]
[Site "Pune"]
[Date "2014.06.12"]
[Round "3"]
[White "Sachdev, Tania"]
[Black "Udeshi, Aditya"]
[Result "0-1"]
[WhiteElo "2368"]
[BlackElo "2420"]
[PlyCount "130"]
[EventDate "2014.06.11"]
[EventType "team"]
[EventCountry "IND"]

1. d4 Nf6 2. c4 e6 3. Nc3 d6 4. Bf4 c5 5. e3 g6 6. Be2 Bg7 7. Nf3 O-O 8. d5
exd5 9. cxd5 Nbd7 10. O-O Ne8 11. h3 Qe7 12. Re1 a6 13. a4 Rb8 14. Ra3 f5 15.
Rb3 Nc7 16. Bh2 Re8 17. Nd2 Ne5 18. Bf1 Qf8 19. a5 Bd7 20. Qc2 Kh8 21. f4 Nf7
22. Nc4 Bb5 23. Nb6 Bxf1 24. Kxf1 Re7 25. Bg1 Bf6 26. Bf2 Qg7 27. e4 Rg8 28. e5
dxe5 29. Bxc5 Ree8 30. Nd7 Bh4 31. Rd1 exf4 32. Ne2 Nb5 33. Nxf4 Nd8 34. Nb6
Re4 35. Nd3 Rge8 36. Rb4 Rxb4 37. Bxb4 Nd4 38. Qd2 Ne2 39. Bc3 Bf6 40. Bxf6
Qxf6 41. Nf2 Qe5 42. d6 Qh2 43. Qxe2 Rxe2 44. Kxe2 Qxg2 45. d7 Qg5 46. Kf1 f4
47. Re1 f3 48. Ng4 h5 49. Re8+ Kg7 50. Ne3 Nc6 51. Kf2 Qf6 52. Nbd5 Qd6 53. Nb6
h4 54. Kxf3 Nd4+ 55. Ke4 Nc6 56. Ned5 g5 57. Rc8 g4 58. hxg4 h3 59. Ne3 Qe5+
60. Kd3 h2 61. Nf5+ Kh7 62. Rxc6 h1=Q 63. d8=Q Qd1+ 64. Kc4 Qb5+ 65. Kc3 Qbb3#
0-1

[Event "Maharashtra Chess League"]
[Site "Pune"]
[Date "2014.06.12"]
[Round "3"]
[White "Sethuraman, S P."]
[Black "Kulkarni, Vikramaditya"]
[Result "0-1"]
[WhiteElo "2579"]
[BlackElo "2403"]
[PlyCount "112"]
[EventDate "2014.06.11"]
[EventType "team"]
[EventCountry "IND"]

1. d4 Nf6 2. c4 d6 3. Nf3 Nbd7 4. Nc3 c6 5. g3 e5 6. Bg2 e4 7. Ng5 d5 8. cxd5
cxd5 9. Qb3 Nb6 10. a4 a5 11. O-O Bb4 12. Nb5 Bd7 13. f3 Bxb5 14. axb5 exf3 15.
Qxf3 h6 16. Nh3 Qd7 17. Bf4 Ne4 18. Rac1 Rc8 19. Qh5 O-O 20. Rxc8 Rxc8 21. Nf2
Nxf2 22. Rxf2 Re8 23. Bh3 Qe7 24. Bf5 Be1 25. Rg2 Qf6 26. Be5 Qg5 27. Qxg5 hxg5
28. e4 g6 29. Bh3 dxe4 30. Rc2 Bb4 31. Rc7 e3 32. Bg4 f6 33. Rxb7 fxe5 34. Rxb6
exd4 35. Re6 Rd8 36. Kg2 Kf7 37. b6 Bc5 38. Rc6 Bd6 39. Be2 Ke6 40. b7 Rb8 41.
Rb6 Kd5 42. Bd3 Kc5 43. Rb5+ Kc6 44. Rxg5 Rf8 45. Rxg6 Rf2+ 46. Kh3 Rxb2 47.
Be4+ Kc5 48. Rg5+ Kc4 49. Rxa5 e2 50. Ra1 d3 51. Bf3 Kd4 52. Kg4 Ke3 53. Ra6
Rb4+ 54. Kg5 e1=Q 55. Rxd6 Kxf3 56. Rxd3+ Kg2 0-1